000 02081cam a22004574i 4500
003 PE-LiUPU
005 20250731173221.0
008 150625s1980 miua rb 000 0 eng d
035 _a(Sirsi) a33698
040 _aPE-LiUPU
_bspa
_cPE-LiUPU
_erda
049 _aPRUA
082 0 4 _a221.07
_bNICOT
_221
100 1 _aThompson, J. A.,
_eautor.
245 1 4 _aThe book of Jeremiah /
_cThompson, J. A.
264 1 _aGrand Rapids, Michigan :
_bWilliam B. Eerdmans Pub. Co.,
_c1980.
300 _a819 páginas :
_bilustraciones ;
_c22 centímetros.
336 _atext
_2rdacontent
337 _aunmediated
_2rdamedia
338 _avolume
_2rdacarrier
490 0 _aThe New International Commentary on the Old Testament
504 _aNotas bibliográficas al pie de páginas.
505 0 _aJeremiah among the prophets -- Jeremiah in His historical setting -- The book of Jeremiah -- Some important issues for exegesis -- The life of Jeremiah -- The message of Jeremiah -- The text -- Poetic forms -- Analysis of contents -- Selec Bibliography -- The call of Jeremiah on Judah and Jerusalem -- Jeremiah's controversy with false prothets -- The book of consolation -- Incedents from the days of Jehoiakim and Zedekiah -- Jeremiah's experiences after the fall of Jerusalem -- Oracles against the nations -- Appendeix: The fall of Jerusalem.
526 _aSEG42
526 _aSEG41
526 _aSEG40
526 _aSEG39
526 _aP94
526 _aP87
526 _aP86
526 _aP85
526 _aP77
526 _aP76
526 _aP35
630 _aBiblia.
_pA.T.
_pJeremías
_xComentarios.
942 _2ddc
_cBOOK
949 _a221.07 NICOT 24
_wDEWEY
_c1
_i37787
_lCCODEBUL1
_mBUL
_p00.00
_r0
_sY
_tBOOK
_u2015-06-25
_xTEOLOGIA
_zUNKNOWN
_0COMPRA
_o.STAFF. Colección General
994 _aC0
_bPEPRU
596 _a1
999 _a221.07 NICOT 24
_wDEWEY
_c41473
_i37787
_d41473
_f2021-11-11
_g5
_lCCODEBUL1
_mBUL
_p41.75
_q2
_r0
_sY
_tBOOK
_u2015-6-25
_xTEOLOGIA
_PP35
_0COMPRA
_o.STAFF. Colección Teología
980 _81
_gALBERTO SANCHEZ Responsable de Automatización